Synchronous generator of frontal type with increased electromagnetic compatibility; Korus 99; The 3th Russia-Korean International Symposium on Science and Technology; Vol. 2: Abstracts

Bibliografiset tiedot
Parent link:Korus 99.— , 1999
The 3th Russia-Korean International Symposium on Science and Technology: June 22-25, 1999, Tomsk/ Tomsk Polytechnic University (TPU) ; Novosibirsk State Technical University
Vol. 2: Abstracts.— 1999.— P. 799
Päätekijä: Bogdanov E. P. Evgeny Petrovich
Muut tekijät: Selyaev A. N.
Kieli:englanti
Julkaistu: 1999
Aiheet:
Aineistotyyppi: Kirjan osa
KOHA link:https://koha.lib.tpu.ru/cgi-bin/koha/opac-detail.pl?biblionumber=226935

MARC

LEADER 00000naa2a2200000 4500
001 226935
005 20240115164637.0
035 |a (RuTPU)RU\TPU\book\247328 
035 |a RU\TPU\book\247327 
090 |a 226935 
100 |a 20121128d1999 k y0engy50 ba 
101 0 |a eng 
102 |a RU 
200 1 |a Synchronous generator of frontal type with increased electromagnetic compatibility  |f E. P. Bogdanov, A. N. Selyaev 
461 0 |0 (RuTPU)RU\TPU\book\181596  |t Korus 99  |d 1999 
461 |t The 3th Russia-Korean International Symposium on Science and Technology  |o June 22-25, 1999, Tomsk  |f Tomsk Polytechnic University (TPU) ; Novosibirsk State Technical University 
463 0 |0 (RuTPU)RU\TPU\book\10965  |t Vol. 2: Abstracts  |v P. 799  |d 1999  |p P. 444-807 
610 1 |a труды учёных ТПУ 
700 1 |a Bogdanov  |b E. P.  |c specialist in the field of electrical engineering  |c associate Professor of Tomsk Polytechnic University, candidate of technical Sciences  |f 1960-  |g Evgeny Petrovich  |3 (RuTPU)RU\TPU\pers\35698  |9 18858 
701 1 |a Selyaev  |b A. N. 
801 1 |a RU  |b 63413507  |c 20121128 
801 2 |a RU  |b 63413507  |c 20151126  |g RCR 
942 |c BK